|
|
|
|
| LEADER |
00000nam a2200000 i 4500 |
| 001 |
publ2616 |
| 005 |
20260313111115.0 |
| 008 |
260313s2026 hu o 000 zxx d |
| 020 |
|
|
|a 978-615-6886-25-5
|
| 024 |
|
|
|a 10.29180/978-615-6886-25-5
|2 doi
|
| 040 |
|
|
|a BGE Publikációtár Repozitórium
|b hun
|
| 100 |
1 |
|
|a Szegedi Krisztina
|
| 245 |
1 |
0 |
|a Futures in the making - Developing and adapting futures in business – BUEB Day of Hungarian Science 2024
|c Szegedi Krisztina
|h [elektronikus dokumentum]
|
| 260 |
|
|
|a Budapesti Gazdaságtudományi Egyetem
|b Budapest
|c 2026
|
| 300 |
|
|
|a 80
|
| 650 |
|
4 |
|a közgazdaságtudományok
|
| 856 |
4 |
0 |
|u https://publikaciotar.uni-bge.hu/id/eprint/2616/1/MTU%202024%20-%20Full%20edition%20proofread_CorrBM_2026.02.26.pdf
|z Dokumentum-elérés
|